Normal view
MARC view
Entry Topical Term
001 - CONTROL NUMBER
- control field: 9540
003 - CONTROL NUMBER IDENTIFIER
- control field: BD-RjUL
005 - DATE AND TIME OF LATEST TRANSACTION
- control field: 20231015123503.0
008 - FIXED-LENGTH DATA ELEMENTS
- fixed length control field: 231015|| aca||aabn | a|a d
040 ## - CATALOGING SOURCE
- Original cataloging agency: BD-RjUL
- Transcribing agency: BD-RjUL
150 ## - HEADING--TOPICAL TERM
- Topical term or geographic name entry element: Information resources management
670 ## - SOURCE DATA FOUND
- Source citation: Work cat.: (BD-RjUL)82110: Awad, Elias M. 9538, Knowledge management / , ©2007